| 000 | 00676nam a2200229 a 4500 | ||
|---|---|---|---|
| 999 |
_c1364 _d1364 |
||
| 001 | 1364 | ||
| 003 | BD-JhCC | ||
| 005 | 20171019094123.0 | ||
| 008 | 171018s2007 bg a|||| ||a| 000 0 ben d | ||
| 020 | _a984410549 | ||
| 035 | _a(BD-JhCC)1364 | ||
| 040 |
_aBD-JhCC _dBD-JhCC |
||
| 041 | _aben | ||
| 082 |
_a398.09 _bZAK 2007 |
||
| 100 | _aজাকারিয়া, সাইমন | ||
| 245 |
_aপ্রণমহি বঙ্গমাতা / _cসাইমন জাকারিয়া, |
||
| 260 |
_aঢাকা : _bমাওলা ব্রাদার্স, _c2007 |
||
| 300 |
_a176 p. : _c24 cm. |
||
| 650 | _aFolklore | ||
| 942 |
_2ddc _cBK |
||